On historical materialism; (Record no. 607)
[ view plain ]
| 000 -LEADER | |
|---|---|
| fixed length control field | 00902cam a2200277 4500 |
| 001 - CONTROL NUMBER | |
| control field | 3630157 |
| 005 - DATE AND TIME OF LATEST TRANSACTION | |
| control field | 20170727120001.0 |
| 008 - FIXED-LENGTH DATA ELEMENTS--GENERAL INFORMATION | |
| fixed length control field | 741212s1972 ru b 001 0 eng |
| 010 ## - LIBRARY OF CONGRESS CONTROL NUMBER | |
| LC control number | 74193080 |
| 015 ## - NATIONAL BIBLIOGRAPHY NUMBER | |
| National bibliography number | USSR*** |
| 040 ## - CATALOGING SOURCE | |
| Original cataloging agency | DLC |
| Transcribing agency | DLC |
| Modifying agency | DLC |
| 050 00 - LIBRARY OF CONGRESS CALL NUMBER | |
| Classification number | HX15 |
| Item number | .O46 |
| 082 00 - DEWEY DECIMAL CLASSIFICATION NUMBER | |
| Classification number | 335.4/11 |
| 245 00 - TITLE STATEMENT | |
| Title | On historical materialism; |
| Remainder of title | a collection |
| Statement of responsibility, etc | [by] K. Marx, F. Engels [and] V. Lenin. [Compiled by T. Borodulina] |
| 260 ## - PUBLICATION, DISTRIBUTION, ETC. (IMPRINT) | |
| Place of publication, distribution, etc | Moscow, |
| Name of publisher, distributor, etc | Progress Publishers, |
| Date of publication, distribution, etc | 1972. |
| 300 ## - PHYSICAL DESCRIPTION | |
| Extent | 751 p. |
| Dimensions | 22 cm. |
| 504 ## - BIBLIOGRAPHY, ETC. NOTE | |
| Bibliography, etc | Includes bibliographical references. |
| 650 #0 - SUBJECT ADDED ENTRY--TOPICAL TERM | |
| Topical term or geographic name as entry element | Socialism. |
| 9 (RLIN) | 19902 |
| 650 #0 - SUBJECT ADDED ENTRY--TOPICAL TERM | |
| Topical term or geographic name as entry element | Communism. |
| 9 (RLIN) | 33699 |
| 700 1# - ADDED ENTRY--PERSONAL NAME | |
| Personal name | Marx, Karl, |
| Dates associated with a name | 1818-1883. |
| 9 (RLIN) | 33700 |
| 700 1# - ADDED ENTRY--PERSONAL NAME | |
| Personal name | Engels, Friedrich, |
| Dates associated with a name | 1820-1895. |
| 9 (RLIN) | 23758 |
| 700 1# - ADDED ENTRY--PERSONAL NAME | |
| Personal name | Lenin, Vladimir Ilʹich, |
| Dates associated with a name | 1870-1924. |
| 9 (RLIN) | 5305 |
| 700 1# - ADDED ENTRY--PERSONAL NAME | |
| Personal name | Borodulina, T., |
| Relator term | comp. |
| 9 (RLIN) | 33701 |
| 906 ## - LOCAL DATA ELEMENT F, LDF (RLIN) | |
| a | 7 |
| b | cbc |
| c | orignew |
| d | 4 |
| e | ncip |
| f | 19 |
| g | y-gencatlg |
| 942 ## - ADDED ENTRY ELEMENTS (KOHA) | |
| Source of classification or shelving scheme | Library of Congress Classification |
| Item type | Monograph ( Printed materials) |
| Withdrawn status | Lost status | Source of classification or shelving scheme | Damaged status | Not for loan | Collection code | Home library | Current library | Shelving location | Date acquired | Total Checkouts | Full call number | Barcode | Date last seen | Date last borrowed | Copy number | Price effective from | Koha item type |
|---|---|---|---|---|---|---|---|---|---|---|---|---|---|---|---|---|---|
| Library of Congress Classification | Main Collection | ARRUPE LIBRARY | ARRUPE LIBRARY | 27/02/2013 | 1 | B809.8.O58 1972 | 46401575 | 22/10/2020 | 08/10/2020 | 1 | 27/02/2013 | Monograph ( Printed materials) |